James : (Record no. 4548)

MARC details
000 -LEADER
fixed length control field 00714cam a2200241 a 4500
001 - CONTROL NUMBER
control field 117438
003 - CONTROL NUMBER IDENTIFIER
control field GBCCL
005 - DATE AND TIME OF LATEST TRANSACTION
control field 20241126110520.0
008 - FIXED-LENGTH DATA ELEMENTS--GENERAL INFORMATION
fixed length control field 750227s1969 miu b 000 0 eng d
035 ## - SYSTEM CONTROL NUMBER
System control number (OCoLC)ocm01191963
040 ## - CATALOGING SOURCE
Original cataloging agency BSC
Transcribing agency BSC
Modifying agency FYB
-- PLT
-- OCL
-- LBB
049 ## -
-- LBBK
082 ## - DEWEY DECIMAL CLASSIFICATION NUMBER
Classification number 227.9107
Item number HOW
090 ## - LOCALLY ASSIGNED LC-TYPE CALL NUMBER (OCLC); LOCAL CALL NUMBER (RLIN)
Classification number (OCLC) (R) ; Classification number, CALL (RLIN) (NR) BS2785.3
Local cutter number (OCLC) ; Book number/undivided call number, CALL (RLIN) .H6 1969
092 ## - LOCALLY ASSIGNED DEWEY CALL NUMBER (OCLC)
Classification number 227.9107
Item number H848j
100 1# - MAIN ENTRY--PERSONAL NAME
Personal name Howard, Fred D.
9 (RLIN) 8423
245 10 - TITLE STATEMENT
Title James :
Remainder of title epistle of action /
Statement of responsibility, etc. by Fred D. Howard.
260 ## - PUBLICATION, DISTRIBUTION, ETC.
Place of publication, distribution, etc. Grand Rapids, Mich. :
Name of publisher, distributor, etc. Baker Book House,
Date of publication, distribution, etc. c1969.
300 ## - PHYSICAL DESCRIPTION
Extent 60 p. ;
Dimensions 20 cm.
504 ## - BIBLIOGRAPHY, ETC. NOTE
Bibliography, etc. note Includes bibliographical references (p. 60)
630 00 - SUBJECT ADDED ENTRY--UNIFORM TITLE
Uniform title Bible.
Name of part/section of a work N.T.
-- James
Form subdivision Commentaries.
9 (RLIN) 8424
942 ## - ADDED ENTRY ELEMENTS (KOHA)
Source of classification or shelving scheme Dewey Decimal Classification
Koha item type Books
Koha issues (borrowed), all copies 7
Holdings
Withdrawn status Lost status Source of classification or shelving scheme Damaged status Not for loan Home library Current Library Shelving location Date acquired Total checkouts Total renewals Full call number Barcode Date last seen Date last checked out Copy number Price effective from Koha item type
    Dewey Decimal Classification     GRACE BIBLE COLLEGE GRACE BIBLE COLLEGE Biblical Studies 2018-01-24 10 3 227.9107 HOW 009141 2025-08-29 2025-08-22 c.1 2018-01-24 Books
© Grace Bible College Library 2025